| 000 | 00621nam a2200217Ia 4500 | ||
|---|---|---|---|
| 003 | GCL | ||
| 008 | 140319s9999 xx 000 0 eng d | ||
| 040 |
_aGCL / _cGCL |
||
| 082 | 0 | 4 |
_a892.76 _bN M |
| 100 | 1 | _aMOSTAFA, AHMED | |
| 245 | 1 | 0 |
_aLA MALEDICTION DE RA / _cMOSTAFA, AHMED |
| 700 | 1 | _aNAGUIB MAHFOUZ | |
| 700 | 1 | _aRUIZ - FUNES, JOSE M. | |
| 260 |
_aالقاهرة : _bTHE AMERICAN UNIVERSITY IN CAIRO PRESS ، _c1998 |
||
| 300 |
_a234 P ؛ _c25CM |
||
| 650 | 0 | 4 | _aARABIC LITERATURE |
| 650 | 0 | 4 | _aNAGUIB MAHFOUZ |
| 650 | 0 | 4 | _aARABIC LITERATURE - TRANSLATION |
| 650 | 0 | 4 | _aARABIC FICTION |
| 942 |
_2ddc _cBK |
||
| 999 |
_c15779 _d15779 |
||